[Event "Champ FRA - Under 12"]
[Site "Europe Echecs"]
[Date "2020.07.08"]
[Round "3"]
[White "PogodallaVicto"]
[Black "CharlierStanis"]
[Result "1-0"]
[WhiteElo "1458"]
[BlackElo "1187"]
[PlyCount "49"]
[EventDate "2020.??.??"]

1. d4 e5 2. dxe5 Nc6 3. f4 d6 4. Nf3 dxe5 5. fxe5 Qxd1+ 6. Kxd1 Bg4 7. Bf4 h6
8. h3 O-O-O+ 9. Nbd2 Bh5 10. g4 Bg6 11. Bg2 Bb4 12. c3 Ba5 13. e3 f6 14. Ke2
Bd3+ 15. Kf2 Be4 16. Nc4 Bd3 17. Nxa5 Nxa5 18. Nd4 fxe5 19. Bxe5 Rd7 20. Rad1
Bc4 21. Be4 Re7 22. Bf5+ Kb8 23. Ne6 a6 24. Bxc7+ Kc8 25. Rd8# {CharlierStanis
est échec et mat} 1-0

[Event "Champ FRA - Under 12"]
[Site "Europe Echecs"]
[Date "2020.07.08"]
[Round "3"]
[White "HenadciIlyan"]
[Black "AymericElijah"]
[Result "1/2-1/2"]
[WhiteElo "1191"]
[BlackElo "1450"]
[PlyCount "108"]
[EventDate "2020.??.??"]

1. e4 e5 2. Nf3 Nc6 3. Bb5 Nf6 4. d3 Bc5 5. Bxc6 bxc6 6. Nxe5 Qe7 7. d4 Bb6 8.
Nc3 Qe6 9. Bg5 Bb7 10. O-O d6 11. Nf3 O-O-O 12. Re1 c5 13. d5 Qd7 14. h3 Rde8
15. a4 Ba5 16. Re3 Bxc3 17. Rxc3 Nxe4 18. Re3 Nxg5 19. Nxg5 Rxe3 20. fxe3 f6
21. Nf3 Qf5 22. Qd3 Qxd3 23. cxd3 Bxd5 24. e4 Re8 25. exd5 g5 26. Re1 Rxe1+ 27.
Nxe1 Kd7 28. Kf2 c6 29. dxc6+ Kxc6 30. Nc2 Kd5 31. b4 cxb4 32. Nxb4+ Kc5 33.
Nc2 Kd5 34. g3 h5 35. Kf3 Ke5 36. Nb4 Kd4 37. Nc6+ Kxd3 38. Nxa7 Kd4 39. Nc6+
Kd5 40. Ne7+ Kc4 41. a5 Kb5 42. Nd5 Kxa5 43. Nxf6 Kb5 44. Nxh5 Kc5 45. Nf6 Kd4
46. h4 gxh4 47. gxh4 Ke5 48. Ne4 d5 49. Ng5 d4 50. Ke2 Kf5 51. Nf3 Kg4 52. Kf2
d3 53. Ke3 d2 54. Nxd2 Kxh4 {Aucun joueur n'a le mat&eacute;riel pour mater}
1/2-1/2

[Event "Champ FRA - Under 12"]
[Site "Europe Echecs"]
[Date "2020.07.08"]
[Round "3"]
[White "LamarreArmand"]
[Black "DebiasSaidCypr"]
[Result "1-0"]
[WhiteElo "1449"]
[BlackElo "1180"]
[PlyCount "47"]
[EventDate "2020.??.??"]

1. e4 c6 2. d4 d5 3. Nc3 c5 4. exd5 cxd4 5. Qxd4 Nf6 6. Bg5 e6 7. O-O-O b6 8.
Bb5+ Nbd7 9. dxe6 fxe6 10. Bxf6 gxf6 11. Qe4 f5 12. Qxe6+ Qe7 13. Qc6 Rb8 14.
Nf3 Bb7 15. Qc7 Qd8 16. Rhe1+ Be7 17. Bxd7+ Kf8 18. Qe5 Kf7 19. Qxf5+ Kg8 20.
Be6+ Kg7 21. Rxd8 Rbxd8 22. Qf7+ Kh6 23. Qxe7 Rc8 24. Qg5# {DebiasSaidCypr est
échec et mat} 1-0

[Event "Champ FRA - Under 12"]
[Site "Europe Echecs"]
[Date "2020.07.08"]
[Round "3"]
[White "NegreEmilie"]
[Black "DoucetPierreAl"]
[Result "0-1"]
[WhiteElo "1438"]
[BlackElo "1177"]
[PlyCount "48"]
[EventDate "2020.??.??"]

1. d4 Nf6 2. Nf3 b6 3. c4 Bb7 4. Nc3 e6 5. e3 Bb4 6. a3 Be7 7. Bd3 O-O 8. O-O
d5 9. Re1 Ne4 10. Qc2 f5 11. Ne5 Bf6 12. f3 Bxe5 13. dxe5 Nc5 14. cxd5 Bxd5 15.
f4 Bb3 16. Qf2 Nxd3 17. Qg3 Nxe1 18. Qxe1 Nc6 19. e4 fxe4 20. Qxe4 Qd4+ 21.
Qxd4 Nxd4 22. Bd2 Bd5 23. Nxd5 exd5 24. g3 Nf3+ {NegreEmilie a abandonné} 0-1

[Event "Champ FRA - Under 12"]
[Site "Europe Echecs"]
[Date "2020.07.08"]
[Round "3"]
[White "RajapAhmedAsif"]
[Black "TrimbitasuElya"]
[Result "1-0"]
[WhiteElo "1428"]
[BlackElo "1175"]
[PlyCount "83"]
[EventDate "2020.??.??"]

1. e4 e5 2. Nf3 Nc6 3. Bc4 Nf6 4. Nc3 Bb4 5. d3 d5 6. exd5 Nxd5 7. Bd2 Bxc3 8.
bxc3 Bg4 9. h3 Bh5 10. g4 Bg6 11. Nh4 Nxc3 12. Bxc3 Qxh4 13. Qe2 O-O-O 14.
O-O-O Qe7 15. h4 h5 16. g5 f6 17. Qe3 Bf7 18. Qh3+ Kb8 19. Bb3 Bxb3 20. axb3
Qa3+ 21. Bb2 Qe7 22. Kd2 fxg5 23. hxg5 Qxg5+ 24. Kc3 Qf4 25. Ba3 Qd4+ 26. Kd2
Qxf2+ 27. Kc1 Qf4+ 28. Kb1 Qg4 29. Qe3 Qd4 30. Qe2 g6 31. Bb2 Qg4 32. Qd2 Rd5
33. Rhg1 Qf5 34. Rdf1 Qe6 35. Qg2 Qg4 36. Qxd5 Qe2 37. Qc5 h4 38. Rf8+ Nd8 39.
Rxh8 b6 40. Qd5 a5 41. Rxd8+ Ka7 42. Ra8# {TrimbitasuElya est échec et mat}
1-0

[Event "Champ FRA - Under 12"]
[Site "Europe Echecs"]
[Date "2020.07.08"]
[Round "3"]
[White "RequenaSacha"]
[Black "RosamelManua"]
[Result "1-0"]
[WhiteElo "1397"]
[BlackElo "1170"]
[PlyCount "101"]
[EventDate "2020.??.??"]

1. e4 e5 2. Nf3 Nf6 3. Nxe5 d6 4. Nf3 Nxe4 5. Nc3 Nxc3 6. dxc3 Be7 7. Bd3 O-O
8. O-O Re8 9. Re1 Bg4 10. h3 Bxf3 11. Qxf3 Nc6 12. Bf4 Bg5 13. Rxe8+ Qxe8 14.
Bxg5 Ne5 15. Qxb7 Rb8 16. Qe4 g6 17. b3 Qe6 18. Bf4 Re8 19. Bxe5 dxe5 20. Bc4
Qd6 21. Qd5 Qf6 22. Rd1 c6 23. Qd7 Re7 24. Qd8+ Kg7 25. Rd6 Qg5 26. Rd7 Qc1+
27. Bf1 Rxd7 28. Qxd7 Qxc2 29. Qxa7 Qxc3 30. Qe3 Qa1 31. a4 f6 32. Qa7+ Kh6 33.
a5 e4 34. Qe3+ g5 35. a6 f5 36. a7 f4 37. Qb6 e3 38. Qxc6+ Kh5 39. Qf3+ Kg6 40.
a8=Q exf2+ 41. Kxf2 Qd4+ 42. Ke1 Qe5+ 43. Qfe4+ Qxe4+ 44. Qxe4+ Kh5 45. Be2+ g4
46. Qxh7+ Kg5 47. h4+ Kf6 48. Qh6+ Ke5 49. Qg5+ Ke4 50. h5 Ke3 51. Qe5# {
RosamelManua est échec et mat} 1-0

[Event "Champ FRA - Under 12"]
[Site "Europe Echecs"]
[Date "2020.07.08"]
[Round "3"]
[White "RenaudinThibau"]
[Black "FaidiSami"]
[Result "1-0"]
[WhiteElo "1190"]
[BlackElo "1394"]
[PlyCount "89"]
[EventDate "2020.??.??"]

1. Nf3 Nc6 2. d4 d5 3. c4 e6 4. Nc3 Nf6 5. Bg5 Bb4 6. e3 h6 7. Bh4 g5 8. Bg3
Ne4 9. Qd3 e5 10. cxd5 Qxd5 11. a3 Bxc3+ 12. bxc3 Nxg3 13. hxg3 e4 14. c4 Qf5
15. Qd1 exf3 16. Bd3 fxg2 17. Rg1 Qa5+ 18. Ke2 O-O 19. c5 Bh3 20. f3 Rae8 21.
g4 f5 22. Bxf5 Qc3 23. Bd3 Qb2+ 24. Qd2 Rxe3+ 25. Kxe3 Re8+ 26. Be4 Qxd2+ 27.
Kxd2 Nxd4 28. Kd3 Nc6 29. Bxc6 bxc6 30. Rae1 Rd8+ 31. Ke2 a6 32. Kf2 Rd2+ 33.
Kg3 Ra2 34. Kxh3 Rxa3 35. Kxg2 Kg7 36. Kg3 Kg6 37. Rb1 a5 38. Ra1 Rxa1 39. Rxa1
h5 40. Rxa5 h4+ 41. Kg2 Kg7 42. Ra6 Kf6 43. Rxc6+ Ke5 44. Rxc7 Kd5 45. Rg7 {
FaidiSami a perdu au temps} 1-0

[Event "Champ FRA - Under 12"]
[Site "Europe Echecs"]
[Date "2020.07.08"]
[Round "3"]
[White "SumarrivaPauliJ"]
[Black "LucaseudelineA"]
[Result "1-0"]
[WhiteElo "1394"]
[BlackElo "1167"]
[PlyCount "45"]
[EventDate "2020.??.??"]

1. e4 c5 2. Nf3 Nf6 3. Nc3 Nc6 4. d4 cxd4 5. Nxd4 e6 6. Bg5 Be7 7. Bc4 d5 8.
exd5 exd5 9. Bb3 O-O 10. O-O Bc5 11. Nf3 Bg4 12. Nxd5 h6 13. Nxf6+ gxf6 14.
Bxh6 Qxd1 15. Raxd1 Rfe8 16. Rd3 Nb4 17. Rc3 b6 18. Nh4 Re2 19. Rg3 Kh7 20.
Rxg4 Kxh6 21. Bxf7 Rd8 22. Nf5+ Kh7 23. Rh4# {LucaseudelineA est échec et mat}
1-0

[Event "Champ FRA - Under 12"]
[Site "Europe Echecs"]
[Date "2020.07.08"]
[Round "3"]
[White "DeNaveJulien"]
[Black "BerthouJules"]
[Result "0-1"]
[WhiteElo "1177"]
[BlackElo "1390"]
[PlyCount "80"]
[EventDate "2020.??.??"]

1. e4 e5 2. Nf3 Nc6 3. Bc4 Nf6 4. d3 Bc5 5. c3 d6 6. Bb3 O-O 7. O-O h6 8. a3
Bg4 9. h3 Bh5 10. Nbd2 Qd7 11. Ba2 Nd8 12. a4 a6 13. b4 Ba7 14. a5 Ne6 15. Bb3
Nf4 16. Ba4 c6 17. Nb3 Nxh3+ 18. gxh3 Qxh3 19. Nbd2 Qg3+ 20. Kh1 Bxf2 21. Qe2
Qh3+ 22. Nh2 Bxe2 23. Rxf2 Bxd3 24. Rf3 Qh5 25. Rxd3 Ng4 26. Ndf3 Nf2+ 27. Kg1
Nxd3 28. Bd1 Qg6+ 29. Kf1 f5 30. exf5 Rxf5 31. Bc2 Nxc1 32. Bxf5 Qxf5 33. Rxc1
e4 34. Ke2 exf3+ 35. Nxf3 Re8+ 36. Kf2 Rf8 37. Ke2 Qxf3+ 38. Kd2 Qg2+ 39. Kd3
Rf3+ 40. Kd4 Qg4# {DeNaveJulien est échec et mat} 0-1

[Event "Champ FRA - Under 12"]
[Site "Europe Echecs"]
[Date "2020.07.08"]
[Round "3"]
[White "LambertArthur"]
[Black "LedjamAlbin"]
[Result "0-1"]
[WhiteElo "1380"]
[BlackElo "1165"]
[PlyCount "120"]
[EventDate "2020.??.??"]

1. e4 d6 2. Nc3 Nf6 3. Nf3 Bg4 4. Bc4 e6 5. d3 c6 6. Bg5 Nbd7 7. O-O Be7 8.
Bxf6 Nxf6 9. h3 Bh5 10. d4 d5 11. e5 Nd7 12. Be2 O-O 13. Qd2 c5 14. a3 cxd4 15.
Nxd4 Bxe2 16. Qxe2 Bc5 17. Rad1 Qg5 18. b4 Bxd4 19. Rxd4 Qxe5 20. Qxe5 Nxe5 21.
Re1 Ng6 22. Nb5 a6 23. Nd6 b6 24. c4 dxc4 25. Rxc4 Rfd8 26. Rc6 Rab8 27. a4 Ne7
28. Rc2 Rxd6 29. Rec1 h6 30. b5 axb5 31. axb5 Rd5 32. Rb1 Rc8 33. Rxc8+ Nxc8
34. f3 Nd6 35. g4 Rxb5 36. Rd1 Rd5 37. Rb1 Nc4 38. f4 b5 39. h4 Ne3 40. g5 Rd1+
41. Rxd1 Nxd1 42. gxh6 gxh6 43. Kf1 b4 44. Ke1 Nc3 45. Kd2 Kg7 46. Kc2 Nd5 47.
Kb3 Kf6 48. Kc4 Kf5 49. h5 Kxf4 50. Kb3 e5 51. Kc2 e4 52. Kd1 b3 53. Kc1 e3 54.
Kb2 e2 55. Kxb3 e1=Q 56. Kc2 Qc3+ 57. Kb1 Ke3 58. Ka2 Nb4+ 59. Kb1 Qc2+ 60. Ka1
Qa2# {LambertArthur est échec et mat} 0-1

[Event "Champ FRA - Under 12"]
[Site "Europe Echecs"]
[Date "2020.07.08"]
[Round "3"]
[White "PalmasAdriana"]
[Black "BriguetRemi"]
[Result "1-0"]
[WhiteElo "1380"]
[BlackElo "1160"]
[PlyCount "71"]
[EventDate "2020.??.??"]

1. e4 e5 2. Nf3 Nc6 3. Bc4 Nf6 4. d3 Bc5 5. O-O O-O 6. c3 d6 7. b4 Bb6 8. a4
Be6 9. Bxe6 fxe6 10. a5 Bd4 11. cxd4 exd4 12. b5 Nxa5 13. Rxa5 Ng4 14. Nxd4 Qh4
15. h3 Ne5 16. Nxe6 Rf6 17. Bg5 Nf3+ 18. gxf3 Qxh3 19. Bxf6 gxf6 20. Qb3 Kh8
21. Nf4 Qh4 22. Ng2 Qh3 23. Rc1 Rg8 24. Kf1 Qxg2+ 25. Ke2 Qh2 26. Rxc7 d5 27.
Qxd5 Qxc7 28. Nd2 Qxa5 29. Qf7 Qxb5 30. Qxf6+ Rg7 31. Qf8+ Rg8 32. Qf6+ Rg7 33.
e5 h5 34. e6 Qc6 35. Qh6+ Rh7 36. Qf8# {BriguetRemi est échec et mat} 1-0

[Event "Champ FRA - Under 12"]
[Site "Europe Echecs"]
[Date "2020.07.08"]
[Round "3"]
[White "YcardFaustine"]
[Black "GuillouPaul"]
[Result "0-1"]
[WhiteElo "1380"]
[BlackElo "1157"]
[PlyCount "176"]
[EventDate "2020.??.??"]

1. e4 c5 2. Nf3 Nc6 3. Bc4 e6 4. O-O Nge7 5. Nc3 a6 6. d4 cxd4 7. Nxd4 Nxd4 8.
Qxd4 Nc6 9. Qd1 Bb4 10. a3 Bxc3 11. bxc3 b5 12. Bd3 Bb7 13. c4 bxc4 14. Bxc4
Qf6 15. Rb1 Na5 16. Bd3 Bc6 17. Re1 O-O 18. Qe2 d5 19. Bxa6 dxe4 20. Bb5 Rab8
21. Bd2 Bxb5 22. Rxb5 Nc6 23. Rxb8 Rxb8 24. Bc3 Qe7 25. Bb4 Nxb4 26. axb4 Qxb4
27. Rc1 f5 28. f3 Qb2 29. Rd1 Qb5 30. Qe1 Qc5+ 31. Kf1 Qxc2 32. fxe4 fxe4 33.
Qe2 Qxe2+ 34. Kxe2 Rb2+ 35. Ke3 Rxg2 36. Kxe4 Rxh2 37. Ke5 Re2+ 38. Kf4 Kf7 39.
Rd7+ Kf6 40. Kg4 g6 41. Rxh7 Rg2+ 42. Kf3 Ra2 43. Rh8 Kg7 44. Re8 Kf7 45. Rh8
Ra3+ 46. Kf4 Kf6 47. Rf8+ Ke7 48. Rg8 Kf7 49. Rh8 Ra4+ 50. Ke5 Ra5+ 51. Kd6
Ra6+ 52. Kd7 Kf6 53. Rf8+ Ke5 54. Rg8 Ra7+ 55. Kc6 Rf7 56. Rxg6 Kf5 57. Rh6 e5
58. Rh5+ Ke4 59. Kd6 Rf5 60. Rh4+ Rf4 61. Rh5 Rf6+ 62. Kc5 Rf5 63. Rh4+ Rf4 64.
Rh5 Rf5 65. Rh4+ Kf3 66. Rh3+ Kg4 67. Re3 Kf4 68. Rd3 e4+ 69. Kc4 exd3 70. Kxd3
Re5 71. Kd4 Re7 72. Kd5 Re1 73. Kd4 Rd1+ 74. Kc5 Ke5 75. Kc6 Rd2 76. Kc7 Ke6
77. Kc8 Ke7 78. Kc7 Rc2+ 79. Kb6 Kd6 80. Kb5 Kd5 81. Kb4 Rc7 82. Kb5 Rb7+ 83.
Ka6 Rb1 84. Ka5 Kc4 85. Ka6 Kc5 86. Ka7 Kc6 87. Ka8 Kc7 88. Ka7 Ra1# {
YcardFaustine est échec et mat} 0-1

[Event "Champ FRA - Under 12"]
[Site "Europe Echecs"]
[Date "2020.07.08"]
[Round "3"]
[White "HamdadMounir"]
[Black "KechkekianChae"]
[Result "1-0"]
[WhiteElo "1167"]
[BlackElo "1366"]
[PlyCount "43"]
[EventDate "2020.??.??"]

1. e4 c5 2. Nf3 e6 3. d4 cxd4 4. Nxd4 a6 5. Nc3 Qc7 6. Be2 Nf6 7. O-O Bb4 8.
Bd2 O-O 9. Bd3 b5 10. Ncxb5 axb5 11. Bxb4 Ba6 12. Bxf8 Kxf8 13. Re1 Qc5 14. Nb3
Qb6 15. e5 Nd5 16. Bxh7 g6 17. Qf3 Kg7 18. Re4 Kxh7 19. Qxf7+ Kh6 20. Rg4 Ne7
21. Rh4+ Kg5 22. Qf6# {KechkekianChae est échec et mat} 1-0

[Event "Champ FRA - Under 12"]
[Site "Europe Echecs"]
[Date "2020.07.08"]
[Round "3"]
[White "RosuAndrei"]
[Black "SalahYanis"]
[Result "1-0"]
[WhiteElo "1342"]
[BlackElo "1148"]
[PlyCount "43"]
[EventDate "2020.??.??"]

1. e4 d5 2. exd5 Nf6 3. c4 e6 4. dxe6 Bxe6 5. Nf3 Nc6 6. d4 Bb4+ 7. Nc3 Bg4 8.
Be3 Ne4 9. Qc2 Nxc3 10. bxc3 Ba5 11. Rc1 Bxf3 12. gxf3 Nxd4 13. Bxd4 Qxd4 14.
Qe4+ Qxe4+ 15. fxe4 O-O 16. Bg2 Rad8 17. Ke2 Rd7 18. Bh3 Rd6 19. f4 Rfd8 20.
Rc2 Bxc3 21. Rxc3 Rd5 22. exd5 {SalahYanis a abandonné} 1-0

[Event "Champ FRA - Under 12"]
[Site "Europe Echecs"]
[Date "2020.07.08"]
[Round "3"]
[White "CastagnerolThi"]
[Black "BiardNoah"]
[Result "1/2-1/2"]
[WhiteElo "1165"]
[BlackElo "1339"]
[PlyCount "116"]
[EventDate "2020.??.??"]

1. e4 c5 2. Nc3 g6 3. Nf3 d6 4. Bc4 Bg7 5. d3 Nf6 6. O-O O-O 7. Bf4 Nc6 8. Rb1
Bd7 9. Re1 Rc8 10. e5 dxe5 11. Bxe5 Bg4 12. Bxf6 Bxf6 13. h3 Bxf3 14. Qxf3 Nd4
15. Qd1 Bg7 16. Ne2 b5 17. Bb3 Nxb3 18. axb3 Qd6 19. Nc3 Qc6 20. Ne4 Rcd8 21.
Qf3 f5 22. Ng5 Qxf3 23. Nxf3 e5 24. Nxe5 Rfe8 25. Nf3 Rxe1+ 26. Rxe1 Bxb2 27.
Kf1 Kg7 28. Ne5 Re8 29. Nd7 Rxe1+ 30. Kxe1 Bd4 31. f3 Kf7 32. Kd2 Ke7 33. Nb8
Kd6 34. c3 Be5 35. Na6 Kc6 36. Nxc5 Kxc5 37. d4+ Kd5 38. dxe5 Kxe5 39. Ke3 f4+
40. Kd3 Kd5 41. b4 a6 42. h4 h6 43. Kd2 Kc4 44. Kc2 g5 45. h5 Kd5 46. Kd3 Ke5
47. c4 bxc4+ 48. Kxc4 Kd6 49. Kd4 Kc6 50. Kc4 Kb6 51. Kc3 Kb5 52. Kb3 Kb6 53.
Kc4 Kc6 54. Kd4 Kd6 55. Kc4 Kc6 56. Kd4 Kb5 57. Kc3 Kb6 58. Kd4 Kc6 {Nulle par
accord mutuel} 1/2-1/2

[Event "Champ FRA - Under 12"]
[Site "Europe Echecs"]
[Date "2020.07.08"]
[Round "3"]
[White "LorhoJade"]
[Black "CrouzierSimon"]
[Result "1-0"]
[WhiteElo "1335"]
[BlackElo "1140"]
[PlyCount "59"]
[EventDate "2020.??.??"]

1. e4 e5 2. Nf3 Nc6 3. Bc4 Bc5 4. d3 d6 5. Nc3 Nf6 6. a3 Ng4 7. O-O O-O 8. h3
Nf6 9. Bg5 h6 10. Bh4 Nd4 11. Nd5 Nxf3+ 12. Qxf3 c6 13. Nxf6+ Kh8 14. Qh5 d5
15. exd5 cxd5 16. Nxd5 Qd7 17. Qxe5 Re8 18. Qc3 Be7 19. Bxe7 Qc6 20. Rfe1 b5
21. Ba2 Bb7 22. Qxc6 Bxc6 23. Nc7 Rec8 24. Nxa8 Bxa8 25. Bxf7 Rxc2 26. Bh4 Rd2
27. Bg6 Bc6 28. Rac1 Bd7 29. Rc8+ Bxc8 30. Re8# {CrouzierSimon est échec et
mat} 1-0

[Event "Champ FRA - Under 12"]
[Site "Europe Echecs"]
[Date "2020.07.08"]
[Round "3"]
[White "LoszycerSasha"]
[Black "GuertonDimitri"]
[Result "0-1"]
[WhiteElo "1162"]
[BlackElo "1334"]
[PlyCount "74"]
[EventDate "2020.??.??"]

1. d4 d5 2. c4 c6 3. cxd5 cxd5 4. Nf3 Nf6 5. Nc3 Bf5 6. Bf4 Nc6 7. e3 e6 8. Bd3
Bxd3 9. Qxd3 Bb4 10. O-O O-O 11. a3 Bxc3 12. Qxc3 Ne4 13. Qd3 Rc8 14. b4 Re8
15. Be5 Nxe5 16. Nxe5 Rc3 17. Qe2 f6 18. Nf3 Qd6 19. Rfc1 Rec8 20. Rxc3 Rxc3
21. g3 Qc6 22. Rb1 Rc2 23. Qe1 Nc3 24. Rc1 Ne2+ 25. Qxe2 Rxc1+ 26. Kg2 Rc3 27.
b5 Qb6 28. e4 dxe4 29. Qxe4 Rxa3 30. d5 Ra2 31. Nd4 e5 32. Qd3 Qxd4 33. Qb3
Qxf2+ 34. Kh3 Qxh2+ 35. Kg4 h5+ 36. Kf5 Qh3+ 37. Kg6 Qg4# {LoszycerSasha est
échec et mat} 0-1

[Event "Champ FRA - Under 12"]
[Site "Europe Echecs"]
[Date "2020.07.08"]
[Round "3"]
[White "PoyetClemence"]
[Black "ReymannNathan"]
[Result "0-1"]
[WhiteElo "1160"]
[BlackElo "1330"]
[PlyCount "48"]
[EventDate "2020.??.??"]

1. e4 e5 2. Nf3 Nc6 3. Nc3 Nf6 4. d3 Bc5 5. Be3 Bb6 6. Bg5 d6 7. Be2 h6 8. Bxf6
Qxf6 9. O-O O-O 10. Qd2 Qg6 11. Nh4 Qf6 12. Nd5 Qxh4 13. Nxb6 axb6 14. Rae1 Qf6
15. Bh5 Rxa2 16. b4 Be6 17. b5 Nd4 18. Qc3 Rxc2 19. Qb4 Qg5 20. Rc1 Bh3 21. g3
Rxc1 22. Rxc1 Qxc1+ 23. Bd1 Qxd1+ 24. Qe1 Qxe1# {PoyetClemence est échec et
mat} 0-1

[Event "Champ FRA - Under 12"]
[Site "Europe Echecs"]
[Date "2020.07.08"]
[Round "3"]
[White "TournabienPaul"]
[Black "BertLisa"]
[Result "0-1"]
[WhiteElo "1330"]
[BlackElo "1133"]
[PlyCount "60"]
[EventDate "2020.??.??"]

1. e4 e5 2. Nf3 Nc6 3. Nc3 Nf6 4. Bb5 d6 5. O-O a6 6. Bxc6+ bxc6 7. d3 Bg4 8.
h3 Bh5 9. Bg5 Be7 10. Na4 O-O 11. d4 Nxe4 12. Bh4 Bxh4 13. Qe1 Bxf3 14. gxf3
Qg5+ 15. Kh1 Bxf2 16. Qxe4 Qg3 17. Qf5 g6 18. Rg1 gxf5 19. Rxg3+ Bxg3 20. Rg1
f4 21. Nc3 exd4 22. Ne4 Kg7 23. Nxg3 fxg3 24. Rxg3+ Kf6 25. Rg4 c5 26. Rf4+ Kg5
27. Rg4+ Kf5 28. h4 Rg8 29. Re4 Rae8 30. Rxe8 Rxe8 {TournabienPaul a abandonné
} 0-1

[Event "Champ FRA - Under 12"]
[Site "Europe Echecs"]
[Date "2020.07.08"]
[Round "3"]
[White "DemaimayOscar"]
[Black "LedouxHugo"]
[Result "0-1"]
[WhiteElo "1141"]
[BlackElo "1322"]
[PlyCount "52"]
[EventDate "2020.??.??"]

1. d4 Nf6 2. Nc3 g6 3. Bf4 Bg7 4. e4 d6 5. Nf3 O-O 6. Qe2 Nh5 7. Qd2 e5 8. dxe5
dxe5 9. Qxd8 Rxd8 10. Bxe5 Bxe5 11. Nxe5 Re8 12. Nd3 Nc6 13. O-O-O Nf6 14. g3
Nxe4 15. Re1 Bf5 16. g4 Nxc3 17. Rxe8+ Rxe8 18. bxc3 Bxg4 19. Bg2 Bd7 20. Nc5
Bc8 21. Kb2 Re5 22. Na4 Re2 23. Rf1 Bf5 24. Rd1 Bxc2 25. Rc1 Be4+ 26. Rc2 Bxc2
{DemaimayOscar a abandonné} 0-1

[Event "Champ FRA - Under 12"]
[Site "Europe Echecs"]
[Date "2020.07.08"]
[Round "3"]
[White "PoulainEmilien"]
[Black "BalloyAlix"]
[Result "1-0"]
[WhiteElo "1322"]
[BlackElo "1130"]
[PlyCount "47"]
[EventDate "2020.??.??"]

1. d4 d5 2. Nf3 Nc6 3. e3 Bf5 4. c4 dxc4 5. Bxc4 Nb4 6. Qa4+ Nc6 7. d5 Bd7 8.
dxc6 Bxc6 9. Bb5 Nf6 10. Bxc6+ bxc6 11. Qxc6+ Nd7 12. Ne5 e6 13. Nxd7 Qxd7 14.
Qxa8+ Qd8 15. Qxd8+ Kxd8 16. Ke2 Bb4 17. Rd1+ Bd6 18. e4 Ke7 19. b3 Re8 20. Ba3
Bxa3 21. Nxa3 Kf8 22. Rd7 f5 23. Rad1 fxe4 24. Rd8 {BalloyAlix a abandonné}
1-0

[Event "Champ FRA - Under 12"]
[Site "Europe Echecs"]
[Date "2020.07.08"]
[Round "3"]
[White "JoinOctave"]
[Black "ParalieuEmma"]
[Result "0-1"]
[WhiteElo "1135"]
[BlackElo "1312"]
[PlyCount "58"]
[EventDate "2020.??.??"]

1. c4 Nf6 2. Nc3 e5 3. e3 c6 4. d4 e4 5. Qc2 d5 6. cxd5 cxd5 7. Bb5+ Nc6 8.
Nge2 Bg4 9. Nf4 Bb4 10. O-O O-O 11. Bxc6 bxc6 12. h3 Bh5 13. a3 Bxc3 14. Qxc3
Qd7 15. b3 Rac8 16. a4 Qb7 17. Ba3 Rfe8 18. Qb2 a6 19. g4 Bg6 20. g5 Nh5 21.
Nxg6 fxg6 22. f3 exf3 23. Rxf3 Qd7 24. Raf1 Qd8 25. h4 Qd7 26. Qf2 Qg4+ 27. Kh2
h6 28. Rf4 Nxf4 29. exf4 Re2 {JoinOctave a abandonné} 0-1

[Event "Champ FRA - Under 12"]
[Site "Europe Echecs"]
[Date "2020.07.08"]
[Round "3"]
[White "SanguinettiEdo"]
[Black "PaineauMael"]
[Result "1-0"]
[WhiteElo "1312"]
[BlackElo "1121"]
[PlyCount "53"]
[EventDate "2020.??.??"]

1. c4 e5 2. g3 Nc6 3. Bg2 Nf6 4. Nc3 b6 5. b4 Bxb4 6. Nf3 Rb8 7. O-O O-O 8. Bb2
Bc5 9. Nb5 a6 10. Nc3 Bb7 11. Na4 Bd6 12. Qc2 b5 13. cxb5 axb5 14. Nc3 Bc5 15.
Nxb5 d6 16. Nc3 Nb4 17. Qc1 Nfd5 18. Nxd5 Nxd5 19. Rb1 Nf6 20. Ba3 Be4 21. Rxb8
Qxb8 22. Bxc5 dxc5 23. d3 Bd5 24. Qxc5 Bxa2 25. Nxe5 Re8 26. Nc6 Qc8 27. Ne7+ {
PaineauMael a abandonné} 1-0

[Event "Champ FRA - Under 12"]
[Site "Europe Echecs"]
[Date "2020.07.08"]
[Round "3"]
[White "LemoalZakarya"]
[Black "RakotomamonjyL"]
[Result "0-1"]
[WhiteElo "1134"]
[BlackElo "1310"]
[PlyCount "124"]
[EventDate "2020.??.??"]

1. e4 e5 2. Nf3 Nc6 3. Bc4 Nf6 4. d3 h6 5. Be3 Bb4+ 6. c3 Ba5 7. a4 Bb6 8. b4
O-O 9. Nh4 Nxe4 10. dxe4 Qxh4 11. Qd3 Ba5 12. bxa5 Nxa5 13. Nd2 d6 14. g3 Qe7
15. Nb3 Nxc4 16. Qxc4 Be6 17. Qb4 c5 18. Qa3 f5 19. Nxc5 fxe4 20. Nxe4 Bd5 21.
Qxd6 Qxd6 22. Nxd6 Bxh1 23. Ke2 Rad8 24. Nc4 Bd5 25. Nxe5 Rfe8 26. Ng6 Bc4+ 27.
Kf3 b6 28. Bd4 Be2+ 29. Kg2 Bd3 30. Ne5 Be4+ 31. f3 Bd5 32. a5 b5 33. Rb1 a6
34. Bb6 Rc8 35. Nd3 Rxc3 36. Ne1 Re2+ 37. Kh3 Bxf3 38. Nxf3 Rxf3 39. Rd1 Kf7
40. Rd7+ Re7 41. Rd3 Rxd3 42. Bc5 Re2 43. Bb6 Rdd2 44. Kg4 Rxh2 45. Kf3 h5 46.
g4 hxg4+ 47. Kxg4 Rdg2+ 48. Kf3 Rg6 49. Bc5 Rc2 50. Bd4 Rc4 51. Bb6 Rcc6 52.
Bd4 Ke6 53. Ke3 Kd5 54. Ba1 Rc4 55. Kd3 Rg3+ 56. Ke2 Rc2+ 57. Kd1 Rh2 58. Bd4
Rg1+ 59. Bxg1 Rh1 60. Ke2 Rxg1 61. Kf2 Rg4 62. Kf3 Ra4 {LemoalZakarya a
abandonné} 0-1

[Event "Champ FRA - Under 12"]
[Site "Europe Echecs"]
[Date "2020.07.08"]
[Round "3"]
[White "KirakosyanEmil"]
[Black "FlagielloFranc"]
[Result "0-1"]
[WhiteElo "1124"]
[BlackElo "1293"]
[PlyCount "52"]
[EventDate "2020.??.??"]

1. e4 e5 2. Nf3 Nc6 3. Bc4 Nf6 4. d3 h6 5. Nc3 Bc5 6. h3 d6 7. Be3 Bb6 8. O-O
Be6 9. Bb3 Qe7 10. Ne2 g5 11. Ng3 Rg8 12. Nh2 Bxe3 13. fxe3 g4 14. hxg4 Nxg4
15. Bxe6 Qxe6 16. Nxg4 Rxg4 17. Nf5 Qg6 18. Qe2 Rg5 19. Qf2 O-O-O 20. b4 Rg8
21. Nh4 Qh5 22. b5 Nd8 23. Rae1 Rg4 24. Re2 Qxh4 25. Qf5+ Kb8 26. Qh7 Qg5 {
KirakosyanEmil a perdu au temps} 0-1

[Event "Champ FRA - Under 12"]
[Site "Europe Echecs"]
[Date "2020.07.08"]
[Round "3"]
[White "LeroySerge"]
[Black "RigaudRetourne"]
[Result "1-0"]
[WhiteElo "1291"]
[BlackElo "1103"]
[PlyCount "99"]
[EventDate "2020.??.??"]

1. d4 Nf6 2. c4 e6 3. Nf3 Bb4+ 4. Bd2 Bxd2+ 5. Nbxd2 Nc6 6. e4 d6 7. Be2 Bd7 8.
O-O O-O 9. Rc1 Re8 10. Qc2 h6 11. d5 exd5 12. cxd5 Ne5 13. Qxc7 Nxf3+ 14. Bxf3
Qxc7 15. Rxc7 Rab8 16. Rfc1 Rec8 17. Be2 Kf8 18. f3 Ke7 19. Nf1 Nh5 20. Ne3 Nf4
21. Bf1 b6 22. Nf5+ Kd8 23. Rxc8+ Rxc8 24. Rxc8+ Bxc8 25. Nxd6 f6 26. g3 Ng6
27. f4 Kd7 28. Nf5 Ke8 29. Nxg7+ Kf7 30. Nf5 Bxf5 31. exf5 Ne7 32. Bg2 Nxf5 33.
Kf2 Ke7 34. Ke2 Kd6 35. Kd3 a6 36. Ke4 Ne7 37. Kd4 f5 38. h3 h5 39. Bf3 h4 40.
g4 fxg4 41. hxg4 h3 42. b4 b5 43. g5 Nf5+ 44. Ke4 Ng3+ 45. Ke3 h2 46. Kf2 h1=Q
47. Bxh1 Nxh1+ 48. Kg2 Kxd5 49. Kxh1 Ke4 50. g6 {RigaudRetourne a abandonné}
1-0

[Event "Champ FRA - Under 12"]
[Site "Europe Echecs"]
[Date "2020.07.08"]
[Round "3"]
[White "PiolletEspinos"]
[Black "GreisslerRapha"]
[Result "0-1"]
[WhiteElo "1100"]
[BlackElo "1285"]
[PlyCount "86"]
[EventDate "2020.??.??"]

1. d4 d5 2. Nc3 Nf6 3. e3 e6 4. Bd3 Nbd7 5. Nge2 c5 6. Bd2 b6 7. g3 Bb7 8. Rg1
Bd6 9. dxc5 Nxc5 10. Nf4 Nxd3+ 11. cxd3 O-O 12. h4 Ba6 13. g4 Bxf4 14. exf4
Bxd3 15. g5 Ne4 16. Nxe4 Bxe4 17. h5 Re8 18. h6 d4 19. Qh5 Bg6 20. Qh4 e5 21.
Rh1 exf4+ 22. Be3 dxe3 23. f3 Qd2+ 24. Kf1 e2+ 25. Kg1 e1=Q+ 26. Rxe1 Rxe1+ 27.
Qxe1 Qxe1+ 28. Kg2 Qxh1+ 29. Kxh1 gxh6 30. Kg2 hxg5 31. a4 Rd8 32. b4 a5 33.
bxa5 bxa5 34. Kh3 Bf5+ 35. Kg2 Rd2+ 36. Kg1 g4 37. fxg4 f3 38. Kf1 h5 39. gxf5
h4 40. Ke1 Rg2 41. Kf1 h3 42. f6 h2 43. Ke1 h1=R# {PiolletEspinos est échec
et mat} 0-1